000 00889cad a22002055a 4500
001 E154019
008 111004e20110423xxk 000 0 eng u
035 _a(Sirsi) u154019
041 0 _aeng
110 2 _aBank of Scotland
_95792
245 0 0 _aBuying is now more affordable than renting
_h[electronic resource]
260 _c2011
490 _aBank of Scotland Press Release
_v23 April 2011
520 _aIn March 2011, the monthly costs of purchasing a three bedroom house in Scotland were £514, 3% less than the average monthly rent paid on a similar property.
590 _aKA
651 4 _aScotland
_y1999-
690 _aPROPERTY-RESIDENTIAL PROPERTY-DOMESTIC RESIDENTIAL PROPERTY-HOUSING
856 4 0 _uhttps://www.lloydsbankinggroup.com/media/pdfs/bos/2011/Buying_more_affordable_renting.pdf
_zView the news release free of charge at www.lloydsbankinggroup.com...
942 _n0
999 _c83455
_d83455